ბათუმის შოთა რუსთაველის სახელმწიფო უნივერსიტეტის ბიბლიოთეკა

Римский портрет в собрании Эрмитажа / (ბიბ.ჩანაწერი № 61167)

000 -LEADER
fixed length control field 00613nam a22001577a 4500
005 - DATE AND TIME OF LATEST TRANSACTION
control field 20231226161643.0
008 - FIXED-LENGTH DATA ELEMENTS--GENERAL INFORMATION
fixed length control field 231226s1960 ru ||||| |||| 00| 0 rus d
041 ## - LANGUAGE CODE
Language code of text/sound track or separate title rus
080 ## - UNIVERSAL DECIMAL CLASSIFICATION NUMBER
Universal Decimal Classification number 736.2(37) Л-50
100 ## - MAIN ENTRY--PERSONAL NAME
Personal name Лесницкая, М. М.
9 (RLIN) 20898
245 ## - TITLE STATEMENT
Title Римский портрет в собрании Эрмитажа /
Statement of responsibility, etc. М. М. Лесницкая.
264 ## - PRODUCTION, PUBLICATION, DISTRIBUTION, MANUFACTURE, AND COPYRIGHT NOTICE
Place of production, publication, distribution, manufacture Л.:
Name of producer, publisher, distributor, manufacturer Изд-во гос. Эрмитажа,
Date of production, publication, distribution, manufacture, or copyright notice 1960.
300 ## - PHYSICAL DESCRIPTION
Extent 47 с. :
Other physical details ил.;
Dimensions 17 см.
653 ## - INDEX TERM--UNCONTROLLED
keyword რომაული პორტრეტი ერმიტაჟის კოლექციაში
942 ## - ADDED ENTRY ELEMENTS (KOHA)
Source of classification or shelving scheme
Koha item type წიგნი
ეგზემპლარები
Withdrawn status Lost status Source of classification or shelving scheme Damaged status Not for loan Permanent Location Current Location Shelving location Date acquired Cost, normal purchase price Full call number Barcode Date last seen Copy number Uniform Resource Identifier Price effective from Koha item type Public note
          ბათუმის შოთა რუსთაველის სახელმწიფო უნივერსიტეტის მთავარი ბიბლიოთეკა ბათუმის შოთა რუსთაველის სახელმწიფო უნივერსიტეტის მთავარი ბიბლიოთეკა წიგნსაცავი 2023-12-26 4.00 736.2(37) Л-50 65682 2023-12-26 65682 ბსუ-ს საპატიო დოქტორის გურამ ლორთქიფანიძის საჩუქარი 2023-12-26 წიგნი 4 ლ.